DELTARUNE Chapter 3 + 4 OST - Statistics

General Stats
  • This quiz has been taken 251 times
  • The average score is 48 of 78
Answer Stats
Hint Answer % Correct
27. It's TV Time!
93%
30. Black Knife
91%
58. Hammer of Justice
86%
11. Ruder Buster
84%
47. C
82%
26. TV WORLD
82%
68. GUARDIAN
81%
60. The Second Sanctuary
81%
63. The Third Sanctuary
81%
49. Dark Sanctuary
78%
4. MIKE, the BOARD, please!
78%
20. Raise Up Your Bat
75%
53. A DARK ZONE
72%
15. Vapor Buster
72%
33. SWORD
71%
37. ERAM
70%
2. Feature Presentation
70%
1. Flashback (Excerpt)
70%
70. The place where it rained
69%
50. From Now On (Battle 2)
68%
67. SPAWN
68%
38. BURNING EYES
67%
35. GLACIER
66%
8. Quiz!
66%
5. Sandy Board
66%
14. Welcome to the Green Room
66%
6. Adventure Board
65%
12. Physical Challenge
65%
76. Catswing
64%
32. Dump
64%
29. Breath
63%
45. Gingerbread House
63%
40. Hymn
63%
51. Gyaa Ha ha!
62%
69. Need a Hand!?
62%
16. Paradise, Paradise
62%
59. 12am
61%
62. 13am
61%
24. Doom Board
61%
71. The Ol' Jitterbug
61%
43. Castle Funk
60%
28. Hall of Fame
60%
46. The distance between two
60%
52. Fireplace
59%
41. Another day in hometown
58%
9. Dig! Dig! To The Center of the Earth
58%
72. Neverending Night
58%
3. And Now For Today's Sponsors...!
57%
48. ATRIUM
57%
23. Big City Board
57%
31. Crickets
57%
25. Metaphysical Challenge
57%
10. Pushing Buddies
57%
34. NORTHERNLIGHT
56%
7. Query?
56%
56. Wise Words
56%
22. Glowing Snow
55%
39. Old wooden rafters
54%
73. The LEGEND...?
54%
66. Crumbling Tower
53%
42. Friends
53%
36. BIT ROOTS
52%
17. Raft Ride
52%
19. Sound Check
52%
18. SOUTH OF THE BORDER!!
51%
77. Air Waves
50%
78. Concert for you
50%
64. Dark Place
50%
44. Knock You Down!! - Rhythm Ver.
50%
13. Board Clear!
48%
21. KING OF ROLYPOLY
48%
61. Ripple
48%
55. Ever Higher
47%
57. Piano that may not be played that well
47%
75. Volume Adjustment
44%
74. With Hope Crossed On Our Hearts
44%
65. Heavy Footsteps
42%
54. Mysterious Ringing
38%
No matching quizzes found
Score Distribution
Percent of People with Each Score
Percentile by Number Answered
Your Score History
You have not taken this quiz